000 00366nam a2200145Ia 4500
008 230917s9999||||xx |||||||||||||| ||und||
040 _e3909
_aMAIN
041 _aEnglish
082 _a320.947 L24P
100 _aLane, David
245 0 _aPolitics and society in the USSR
260 _aLondon
_bWeidenfeld and Nicolson
_c1970
300 _axix, 616 p.
942 _cBK
999 _c90223
_d90223